|
|
|
|
| LEADER |
00000nas a2200000 a 4500 |
| 001 |
ssj0013142 |
| 003 |
WaSeSS |
| 005 |
20200512172242.0 |
| 006 |
m d |
| 007 |
cr n |
| 008 |
000426c19709999enkmx pss 0 a0eng c |
| 010 |
|
|
|a 2008233617
|
| 016 |
7 |
|
|a 1254142
|2 DNLM
|
| 016 |
7 |
|
|a P54640000
|2 DNLM
|
| 022 |
|
|
|a 1469-8978
|l 0033-2917
|y 0033-2917
|
| 030 |
|
|
|a PSMDCO
|
| 035 |
|
|
|a (WaSeSS)ssj0013142
|
| 037 |
|
|
|b Cambridge University Press, The Edinburgh Building, Shaftesbury Road, Cambridge CB2 2RU, United Kingdom
|
| 040 |
|
|
|a F#A
|b eng
|e pn
|c F#A
|d OCLCQ
|d DLC
|d OCLCQ
|d TMC
|d GUA
|d OCLCQ
|d FFQ
|d CUD
|d OCLCQ
|d COO
|d OCLCQ
|d OCLCF
|d OCLCO
|d OCLCQ
|d Z5A
|d BUF
|d OCLCO
|d APUMS
|d OCLCO
|d U3W
|d OCLCO
|d AU@
|d OCLCO
|d WYU
|d OCLCO
|d OCLCA
|d VT2
|d OCLCO
|d OCLCA
|d DLC
|d WaSeSS
|
| 042 |
|
|
|a pcc
|
| 050 |
0 |
0 |
|a RC321
|
| 060 |
0 |
0 |
|a W1
|b PS591
|
| 082 |
0 |
4 |
|a 616.89
|
| 130 |
0 |
|
|a Psychological medicine (Online)
|
| 245 |
1 |
0 |
|a Psychological medicine
|h [electronic resource].
|
| 260 |
|
|
|a [Cambridge, England] :
|b Cambridge University Press
|
| 310 |
|
|
|a Sixteen issues per year,
|b 2014-
|
| 321 |
|
|
|a Monthly,
|b <2007>-2013
|
| 321 |
|
|
|a Bimonthly,
|b <1997>-
|
| 362 |
1 |
|
|a Print began with vol. 1 in 1970.
|
| 506 |
|
|
|a License restrictions may limit access.
|
| 538 |
|
|
|a Mode of access: World Wide Web.
|
| 588 |
|
|
|a Description based on: Vol. 27, no. 1 (Jan. 1997); title from journal information screen (Cambridge, viewed Apr. 25, 2008).
|
| 588 |
|
|
|a Latest issue consulted: Vol. 50, no. 6 (Apr. 2020) (Cambridge Journals Online, viewed May 5, 2020).
|
| 650 |
|
0 |
|a Psychiatry
|v Periodicals.
|
| 650 |
|
0 |
|a Medicine and psychology
|v Periodicals.
|
| 650 |
|
0 |
|a Clinical psychology
|v Periodicals.
|
| 650 |
|
6 |
|a Psychiatrie
|x Recherche
|v Périodiques.
|
| 650 |
|
6 |
|a Psychiatrie
|v Périodiques.
|
| 650 |
|
7 |
|a Clinical psychology.
|2 fast
|0 (OCoLC)fst00864407
|
| 650 |
|
7 |
|a Medicine and psychology.
|2 fast
|0 (OCoLC)fst01015154
|
| 650 |
|
7 |
|a Psychiatry.
|2 fast
|0 (OCoLC)fst01081152
|
| 650 |
1 |
7 |
|a Psychiatrie.
|2 gtt
|
| 650 |
|
2 |
|a Psychology.
|
| 650 |
|
2 |
|a Psychiatry.
|
| 655 |
|
0 |
|a Electronic journals.
|
| 776 |
0 |
8 |
|i Print version:
|t Psychological medicine
|x 0033-2917
|w (DLC)sn 86008728
|w (OCoLC)1588231
|
| 850 |
|
|
|a DLC
|
| 856 |
4 |
0 |
|z Full text available from Research Library: 01/01/2001 to present
|u https://search.proquest.com/publication/35753
|